000 00798nam a2200241 a 4500
001 BRCA_5155
005 20190320204949.0
008 221110s1942----sp-a######---#000-0#spa-#
041 _aspa
044 _asp
050 4 _aNK9262
_b.F56 1942
100 1 _aFloriano Cumbreño, Antonio Cristino
_913186
245 1 0 _aEl bordado
_cpor Antonio C. Floriano Cumbreño.
260 _aBarcelona
_bAlberto Martín
_c1942
300 _a182 p.
_bil.
_c22 cm.
440 0 _aArtes decorativas españolas
_911913
500 _aIncluye una sinópsis cronológica sobre el bordado español, índice alfabético de artistas bordadores, índice de láminas e índice de grabados
500 _aE28
650 1 4 _aBordado
_zEspaña
_913187
650 1 4 _aBordado
_xHistoria
_913188
902 _aGFM
942 _2lcc
_cB
999 _c4849
_d4849